Statistics for Friends Character Random Knowledge

Click here to take the quiz!

General Stats

  • This quiz has been taken 48 times
  • The average score is 11 of 15

Answer Stats

CharacterQuestionAnswer% Correct
Janice LitmanWhat was her favorite expression?Oh My God
98%
Rachel GreenShe was hired as women's wear coordinator in what fashion company?Ralph Lauren
91%
Jack GellerWhat brand of car did he gave monica as a gift?Porsche
91%
Monica GellerWhat was her nickname when she was a field hockey goal keeper?Big Fat Goalie
86%
Ross GellerWhat song did he sang to make his daughter emma laugh?Baby Got Back
82%
Joey TribbianiWhat was the profession of his imaginary friend Maurice?Space Cowboy
77%
Chandler BingWhat state was he assigned to after falling asleep in a meeting?Oklahoma
75%
Mike HanniganAfter Phoebe briefly changed her name, he suggests on changing his own name to what?Crap Bag
75%
Phoebe BuffayWhat gift did Ross gave her that she didn't know how to use?Bicycle
70%
Paul StevensWho is the actor who played him as Elizabeth's Father?Bruce Willis
70%
Will ColbertWhat is the name of the club that he co-founded with Ross?I Hate Rachel Green Club
68%
GuntherWhat is the name of the cat that he bought from Rachel?Mrs. Whiskerson
57%
Charles BingWhat is the name of the show he is hosting?Viva Las Gaygas
55%
Frank Buffay Jr.How much is the age difference between him and her fiance Alice?26
50%
Judy GellerWhat was the name of her mother that was quite critical on her?Althea
36%

Score Distribution

Percentile by Number Answered

Percent of People with Each Score

Your Score History

You have not taken this quiz